000 00500nam a2200181 a 4500
005 20230602063645.0
008 991125s1977 mx 000 0 spa u
035 _aUPN01000004311
049 _aCG
050 4 _aPQ7297 D3.3
_bA7.2
100 1 _aDávila, María Amparo,
_d1928-
_930334
245 1 0 _aArboles petrificados /
_cAmparo Dávila.
260 _aMéxico :
_bJ. Mortiz,
_c1977.
300 _a128 p.
440 0 _aNueva narrativa hispánica
650 4 _aNovela mexicana
_94557
905 _aLibro
999 _c4311
_d4311